000 01295 a2200217 4500
005 20080922150626.0
008 080922t xxu||||| |||| 00| 0 hin d
010 _aHIN-81324
020 _c550.00
_a8178440539
035 _aHN-53670
037 _bD.B.Act / pub
082 _a821.08
100 _aभुल्लर, हरिसिमरन कौर
245 _aहिन्दी काव्य और गीतों में राष्ट्रप्रेम
_cहरिसिमरन कौर भुल्लर
246 _aHindi kavya aur Geeton mein Rashtra Prem
_bby Harisimran Kaur Bhullar
260 _aनई दिल्ली
_bके.के.पब्लिकेशन्स
_c2007
270 _a109, 4855/24, हरबंस स्ट्रीट, अंसारी रोड, दरियागंज
_bनई दिल्ली
_e110002
_k65185557, 64527574, 9212238373
_l011-30125577
_mkkpdevinder@vsnl.net
300 _a248पृ
_c22 सेमी (सजिल्द)
942 _adpl
_cHN
_k821.08 / भुल्लर
_2ddc
_h821.08
_mभुल्लर
999 _c8180
_d8180